<?xml version="1.0" encoding="UTF-8"?>
<record
    xmlns:xsi="http://www.w3.org/2001/XMLSchema-instance"
    xsi:schemaLocation="http://www.loc.gov/MARC21/slim http://www.loc.gov/standards/marcxml/schema/MARC21slim.xsd"
    xmlns="http://www.loc.gov/MARC21/slim">

  <leader>03304nam a2200361 a 4500</leader>
  <controlfield tag="001">eep9781849806602</controlfield>
  <controlfield tag="003">DLC</controlfield>
  <controlfield tag="005">20210215104145.0</controlfield>
  <controlfield tag="006">m     o  d        </controlfield>
  <controlfield tag="007">cr un|||||||||</controlfield>
  <controlfield tag="008">091110s2010    enk     ob    001 0 eng d</controlfield>
  <datafield tag="010" ind1=" " ind2=" ">
    <subfield code="a">  2009941281</subfield>
  </datafield>
  <datafield tag="020" ind1=" " ind2=" ">
    <subfield code="a">9781849806602 (e-book)</subfield>
  </datafield>
  <datafield tag="040" ind1=" " ind2=" ">
    <subfield code="a">UKM</subfield>
    <subfield code="c">UKM</subfield>
    <subfield code="d">YDXCP</subfield>
    <subfield code="d">CDX</subfield>
    <subfield code="d">BWX</subfield>
    <subfield code="d">DLC</subfield>
  </datafield>
  <datafield tag="050" ind1=" " ind2="4">
    <subfield code="a">K1401</subfield>
    <subfield code="b">.R463 2010</subfield>
  </datafield>
  <datafield tag="082" ind1="0" ind2="0">
    <subfield code="a">346.04/8</subfield>
    <subfield code="2">22</subfield>
  </datafield>
  <datafield tag="245" ind1="0" ind2="0">
    <subfield code="a">Research handbook on the interpretation and enforcement of intellectual property under WTO rules</subfield>
    <subfield code="h">[electronic resource] /</subfield>
    <subfield code="c">edited by Carlos M. Correa.</subfield>
  </datafield>
  <datafield tag="260" ind1=" " ind2=" ">
    <subfield code="a">Cheltenham, U.K. ;</subfield>
    <subfield code="a">Northampton, Mass. :</subfield>
    <subfield code="b">Edward Elgar,</subfield>
    <subfield code="c">c2010.</subfield>
  </datafield>
  <datafield tag="300" ind1=" " ind2=" ">
    <subfield code="a">1 online resource (ix, 309 p.)</subfield>
  </datafield>
  <datafield tag="490" ind1="1" ind2=" ">
    <subfield code="a">Intellectual property in the WTO ;</subfield>
    <subfield code="v">v. 2</subfield>
  </datafield>
  <datafield tag="490" ind1="1" ind2=" ">
    <subfield code="a">Research handbooks on the WTO</subfield>
  </datafield>
  <datafield tag="504" ind1=" " ind2=" ">
    <subfield code="a">Includes bibliographical references and index.</subfield>
  </datafield>
  <datafield tag="505" ind1="0" ind2=" ">
    <subfield code="a">1. The applicability of GATT jurisprudence to the interpretation of the TRIPS Agreement / Susy Frankel -- 2. TRIPS-plus-plus initiatives on broad border measures : features and implications / Xuan Li -- 3. Lessons from the United States in regard to the recent, more flexible application of injunctive relief / Joshua D. Sarnoff -- 4. Accession to the WTO, intellectual property rights and domestic institutions / Ermias Tekeste Biadgleng -- 5. The WTO dispute on trademarks and geographical indications : some implications for trade policy-making and negotiations / David Vivas-Eugui and Mar&#xED;a Julia Oliva -- 6. United States-- Section 110(5) of the US Copyright Act : summary and analysis / Dalindyebo Shabalala -- 7. WTO panel on United States-- Section 110(5) of the US Copyright Act / Maximiliano Santa Cruz -- 8. Dispute settlement under the TRIPS Agreement : the United States-Brazil (2000) and United States-Argentina (2002) patent disputes / Viviana Mu&#xF1;oz Tellez -- 9. Canada-- patent protection of pharmaceutical products / Pedro Roffe and Christoph Spennemann -- 10. Mandatory regulation versus discretionary regulation, unilateralism, and national treatment : an analysis of the United States-- Section 211 Omnibus Appropriations Act of 1998 dispute / Christophe Charlier.</subfield>
  </datafield>
  <datafield tag="520" ind1=" " ind2=" ">
    <subfield code="a">This concise and detailed Handbook addresses some of the most complex issues raised by the implementation of the TRIPS Agreement globally. Among other themes, the Handbook explores the applicability of GATT jurisprudence for the interpretation of the Agreement's provisions. It also considers key issues relating to the enforcement of intellectual property rights, such as border measures and injunctive relief. Teamed with the first volume-- Research Handbook on the Protection of Intellectual Property under WTO Rules-- this analysis is supplemented by a thorough review of the most important cases on TRIPS decided under the WTO dispute settlement mechanism.</subfield>
  </datafield>
  <datafield tag="650" ind1=" " ind2="0">
    <subfield code="a">Intellectual property (International law)</subfield>
  </datafield>
  <datafield tag="655" ind1=" " ind2="7">
    <subfield code="a">Electronic books.</subfield>
    <subfield code="2">lcsh</subfield>
  </datafield>
  <datafield tag="700" ind1="1" ind2=" ">
    <subfield code="a">Correa, Carlos Mar&#xED;a.</subfield>
  </datafield>
  <datafield tag="710" ind1="2" ind2=" ">
    <subfield code="a">Edward Elgar Publishing.</subfield>
  </datafield>
  <datafield tag="776" ind1="1" ind2=" ">
    <subfield code="z">184980107X (hbk. : alk. paper)</subfield>
    <subfield code="z">9781849801072 (hardback)</subfield>
    <subfield code="z">9781849809535 (pbk.)</subfield>
  </datafield>
  <datafield tag="830" ind1=" " ind2="0">
    <subfield code="a">Intellectual property in the WTO ;</subfield>
    <subfield code="v">v. 2.</subfield>
  </datafield>
  <datafield tag="830" ind1=" " ind2="0">
    <subfield code="a">Research handbooks on the WTO.</subfield>
  </datafield>
  <datafield tag="856" ind1="4" ind2="0">
    <subfield code="u">https://www.elgaronline.com/view/9781849801072.xml</subfield>
  </datafield>
  <datafield tag="999" ind1=" " ind2=" ">
    <subfield code="c">28772</subfield>
    <subfield code="d">28772</subfield>
  </datafield>
  <datafield tag="952" ind1=" " ind2=" ">
    <subfield code="0">0</subfield>
    <subfield code="1">0</subfield>
    <subfield code="2">lcc</subfield>
    <subfield code="4">0</subfield>
    <subfield code="7">0</subfield>
    <subfield code="a">DL</subfield>
    <subfield code="b">DL</subfield>
    <subfield code="c">OA</subfield>
    <subfield code="d">2021-02-15</subfield>
    <subfield code="l">0</subfield>
    <subfield code="o">K1401 .R463 2010</subfield>
    <subfield code="r">2021-02-15</subfield>
    <subfield code="u">https://www.elgaronline.com/view/9781849801072.xml</subfield>
    <subfield code="w">2021-02-15</subfield>
    <subfield code="y">EBOOK</subfield>
  </datafield>
</record>
